Từ Các Mác đến Hồ Chí Minh một dòng chảy văn hoá /
সংরক্ষণ করুন:
| প্রধান লেখক: | |
|---|---|
| অন্যান্য লেখক: | |
| বিন্যাস: | Sách giấy |
| ভাষা: | Vietnamese |
| প্রকাশিত: |
H. :
Nxb. Hà Nội,
2003
|
| ট্যাগগুলো: |
ট্যাগ যুক্ত করুন
কোনো ট্যাগ নেই, প্রথমজন হিসাবে ট্যাগ করুন!
|
| Thư viện lưu trữ: | Thư viện Trường Đại học Đà Lạt |
|---|
| LEADER | 00739nam a2200277 4500 | ||
|---|---|---|---|
| 001 | DLU030000020 | ||
| 005 | ##20021230 | ||
| 008 | ##021230t vn z000 vie d | ||
| 040 | # | # | |a DLU |b vie |
| 041 | # | # | |a vie |
| 044 | # | # | |a vn |
| 082 | # | # | |a 324.22 |b TR-H |
| 100 | # | # | |a Trần Đình Huỳnh |
| 245 | # | # | |a Từ Các Mác đến Hồ Chí Minh một dòng chảy văn hoá / |c Trần Đình Huỳnh, Trịnh Quang Cảnh |
| 260 | # | # | |a H. : |b Nxb. Hà Nội, |c 2003 |
| 300 | # | # | |a 221 tr. ; |c 21 cm |
| 700 | # | # | |a Trịnh Quang Cảnh |
| 992 | # | # | |a 19500 |
| 994 | # | # | |a DLU |
| 900 | # | # | |a True |
| 911 | # | # | |a Thái Thị Thanh Thủy |
| 925 | # | # | |a G |
| 926 | # | # | |a A |
| 927 | # | # | |a SH |
| 980 | # | # | |a Thư viện Trường Đại học Đà Lạt |